000 00466nam a2200169Ia 4500
003 GCL
008 140319s9999 xx 000 0 ara d
040 _aGCL /
_cGCL
082 0 4 _a273.104
_bف ا
100 1 _aفايز فارس
245 1 0 _aالهى.. مااعظمك /
_cفايز فارس
260 _a[S.N] :
_bدار الثقافة العربية ،
_c1986
300 _a192 ص
490 _a
650 0 4 _aالعقيدة المسيحية
942 _2ddc
_cBK
999 _c55966
_d55966